000 00612nam a2200205 a 4500
001 000037865
005 20240412074258.0
008 130307s2013 dr r 000 p spa d
020 _a9789945865028
040 _aDO-SdBNP
_bspa
_cBNPHU
082 _aRD861.44
_bM491v
100 1 _aMedina, Aquilino
_953966
245 1 0 _aVersos diversos /
_cAquilino Medina.
260 _aSanto Domingo :
_bImpresora de León,
_c2013.
300 _a75 p. ;
_c22 cm.
590 _aInventariado, 2018/BT
650 0 _aPoesía dominicana
_966
650 0 _aLiteratura dominicana.
_967
910 _aValidado. Control de calidad. MFF
999 _c37355
_d37355